000 00672nam a2200217Ia 4500
003 GCL
008 140319s9999 xx 000 0 ara d
020 _a?108914977
040 _aGCL /
_cGCL
082 0 4 _a814.008
_bا ل
100 1 _aانيس منصور
245 1 0 _aلعلك تضحك /
_cانيس منصور
250 _aالرابعة
260 _aالقاهرة :
_bنهضة مصر للطباعة والنشر والتوزيع ،
_c1996
300 _a336 ص ؛
_c19 سم
490 _aكتاب
_v0
650 0 4 _aالادب العربى
650 0 4 _aالمقالات العربية
650 0 4 _aالادب العربى - مقالات
942 _2ddc
_cBK
999 _c41735
_d41735